Scheduling Algorithms - Statistics

General Stats
  • This quiz has been taken 83 times
  • The average score is 3 of 5
Answer Stats
Scheduling Algorithm % Correct
Round Robin
93%
First Come, First Served
64%
Shortest Job First
62%
Shortest Remaining Time
36%
Multi-Level Feedback Queues
23%
No matching quizzes found
Score Distribution
Percent of People with Each Score
Percentile by Number Answered
Your Score History
You have not taken this quiz